Top 10 States by Railroad Route Miles - Statistics

General Stats
  • This quiz has been taken 40 times
  • The average score is 9 of 10
Answer Stats
Hint: Miles Answer % Correct
4,828 California
97%
5,130 Pennsylvania
94%
10,506 Texas
94%
7,151 Illinois
91%
3,862 Missouri
88%
4,607 Georgia
84%
4,675 Kansas
84%
5,132 Ohio
84%
4,258 Minnesota
81%
3,834 Iowa
78%
No matching quizzes found
Score Distribution
Percent of People with Each Score
Percentile by Number Answered
Your Score History
You have not taken this quiz